00528nam a2200181Ia 450000100060000000800410000602000180004704000130006508200160007810000170009424500780011126000090018930000110019854600070020994200070021699900170022395201060024011909140331s9999 xx 000 0 und d a0-671-79718-2 cPK-LaUMT a 215bDAV-M aDavies, Paul 4aThe mind of god : The scientific basis for a rational worldcDavies, Paul c1992 a254 p. aEN cBK c12748d12748 00104070a01b01d2014-03-31l1o 215 DAV-Mp13951r2015-10-13 00:00:00s2015-09-10w2014-04-21yBK